000 01247nam a22003497a 4500
003 CHAP
005 20220329134017.0
008 971013s1981 r 00010 d
010 _a14057
011 _a15029
035 _a19103
040 _cCHAP
090 _aTesis
100 0 0 _aGonzález Handal, Víctor Moisés.
_949025
245 _aPrueba de herbicida experimental fluazifophutil (PP-009) en el invernadero y en el control integral de malezas en el cultivo de girasol
260 _aMonterrey, N.L. :
_bEl autor,
_c1981
300 _a84 h.
_b: gráfs. : tablas
502 _aTesis (Ing. Agrónomo en Producción) -- ITESM. Div. de Ciencias Agropecuarias y Marítimas
590 _aALEPH
_b10
_c20130110
_lUCH01
_h1234
590 _aBATCH-UPD
_b10
_c20130110
_lUCH01
_h0021
590 _aBATCH-UPD
_b10
_c20130110
_lUCH01
_h0908
590 _aBATCH-UPD
_b10
_c20130410
_lUCH01
_h0534
590 _aBATCH-UPD
_b10
_c20130914
_lUCH01
_h1543
590 _aCONVERSION
_b10
_c20130109
_lUCH01
_h1309
650 1 4 _aFluazifopbutil.
_941886
650 1 4 _aGirasol
_xMalas hierbas
_xControl.
_948160
650 1 4 _aHerbicidas.
_953691
650 1 4 _aZacate Johnson.
_9123396
901 _aBK
942 _cTESIS
949 _bBC
_cTES
_d-44310
_eTS1
_i19103
_si
999 _c14057
_d14057